World Country by Short Clue Quiz Stats

 Plays Quiz Updated Jul 2, 2018

Score 0/28 Timer 07:00
5 Plays Today
% Correct
Brazil
90.9%
United States
89.7%
China
87.7%
India
86.5%
Australia
84.9%
Vietnam
82.2%
Jamaica
72.4%
Uganda
66.8%
Kosovo
66.7%
Papua New Guinea
66.5%
Guyana
64.2%
Ireland
60.2%
Nigeria
54.1%
Paraguay
50.7%
% Correct
Ecuador
50.1%
Russia
47.5%
Qatar
44.8%
Guatemala
43.4%
Fiji
42.9%
Namibia
42.1%
Laos
40.5%
Pakistan
38.1%
Vatican City
37.8%
Honduras
34.9%
Liechtenstein
34.5%
Senegal
29.9%
Oman
28.7%
Nauru
17.7%

You're not logged in!

Compare scores with friends on all Sporcle quizzes.
OR
Log In

You Might Also Like...

Show Comments

Extras

Top Quizzes Today


Score Distribution

Your Account Isn't Verified!

In order to create a playlist on Sporcle, you need to verify the email address you used during registration. Go to your Sporcle Settings to finish the process.

Report this User

Report this user for behavior that violates our Community Guidelines.

Details: